000 00656nam a22001937a 4500
003 OSt
005 20240903102703.0
008 240903b ||||| |||| 00| 0 eng d
040 _cAIMIT LIBRARY
100 _aPalvitha.
_e2216122
_9178521
245 _aFactor influencing investors towards Indian stock market /
_cBy Palvitha ; Guided by Annette Sonia Maben.
260 _aUdupi ;
_c2024.
650 _aCompany profile
_9178522
650 _aScope of the study
_9178523
650 _aSampling design
_9178524
700 _aMaben, Annette Sonia.
_eGuide
_9178525
856 _3Anandrathi Sharfand Stock Brokers Ltd.
_ywww.anandrathi.com
942 _2ddc
_cPRO
999 _c231709
_d231709